El atlas iii : un mundo al revés, de la hegemonía occidental al policetrismo /
Guardado en:
| Autor Principal: | |
|---|---|
| Formato: | Libro |
| Publicado: |
Buenos Aires :
Capital Intelectual,
2011
|
| Series: | Le Monde Diplomatique
|
| Materias: | |
| Etiquetas: |
Agregar Etiqueta
Sin Etiquetas, Sea el primero en etiquetar este registro!
|
| LEADER | 01008nam a22002895a 4500 | ||
|---|---|---|---|
| 001 | CEM.cems018478 | ||
| 005 | 20151002111527.0 | ||
| 008 | 130507s2011##################000#0#####d | ||
| 003 | CEMS | ||
| 020 | |a 9789876142083 | ||
| 082 | 0 | 4 | |a 910.3 |
| 100 | 1 | |a Gabetta, Carlos | |
| 245 | 1 | 0 | |a El atlas iii : |b un mundo al revés, de la hegemonía occidental al policetrismo / |c Director Carlos Gabetta |
| 260 | |a Buenos Aires : |b Capital Intelectual, |c 2011 | ||
| 300 | |a 192 p. | ||
| 490 | 0 | |a Le Monde Diplomatique | |
| 505 | 0 | |a Nuevas relaciones de fuerza internacionales -- El mundo visto desde ... -- Los desafíos de la energía -- Conflictos que persisten -- Africa en la encrucijada | |
| 653 | |a Capitalismo | ||
| 653 | |a Migraciones | ||
| 653 | |a Población-crecimiento | ||
| 653 | |a Comercio mundial | ||
| 653 | |a Globalización | ||
| 653 | |a Agua | ||
| 653 | |a Materia prima | ||
| 653 | |a Energías | ||
| 653 | |a Atlas mundial | ||
| 859 | |a CEMS |b BIB. CEMS - Agricultura |h 910.3 |i G867 |p A2574.15 |t Ej.1 |v 2009 |3 2009 | ||
